000 00587nam a2200193Ia 4500
005 20260429112324.0
008 260429s9999||||xx |||||||||||||| ||und||
020 _a9789389598865
041 _aHindi
082 _a891.431
_bPAN
100 _aपांडे, रत्नशंकर
245 0 _aधूमिल समग्र /
_cरत्नशंकर पांडे
250 _a1st ed.
260 _aनई दिल्ली :
_bराजकमल प्रकाशन,
_c2021.
300 _a535 p.; Hb
440 _vखंड- 1
650 _aPoetry
942 _cTB
999 _c53485
_d53485